01249cam a22002651 4500001001300000003000400013005001700017008004100034010001700075035002000092040004100112042001200153050002200165051001600187082001000203100004800213245023100261260004800492300002700540490005700567500012600624501020100750650001500951999001700966e 37000196 DLC20260227111226.0860409s1937 dcu f000 0 eng c ae 37000196  a(OCoLC)13409396 aU.S. Off. of Educ. LibrarycNhDdDLC apremarc00aL111b.A75 no. 74 aLA210b.S75 a370.11 aStudebaker, J. W.q(John Ward),d1887-1989.10aCrucial issues in education;can address delivered by J.W. Studebaker, Commissioner of Education, before the Department of Superintendence, Natioinal Education Association, in session at New Orleans, La., February 22, 1937 ... aWashington,bU.S. Govt. Print. Off.,c1937. a2 p. l., 19 p.c23 cm.0 aUnited States. Office of Education. Pamphletvno. 74 aUnited States Department of the Interior. Harold L. Ickes, Secretary. Office of Education. J.W. Studebaker, Commissioner. aL111.A75 with: Legislation concerning early childhood education / Ward W. Keesecker and Mary Dabney Davis. Washington : U.S. Govt. Print. Off., 1935. Bound together subsequent to publication.5DLC 0aEducation. c21538d21538